• 首页
  • 本馆介绍
  • 公告通知
  • 最新文献
  • 馆藏检索
  • 电子资源
  • 读者导购
  • 参考咨询
  • 我的图书馆
  • 登录
  • 详细信息显示
  • 放入我的书架
  • 预约/预借图书
  • 作者相关作品
  • 分类相关作品
  • 丛书相关作品
  • 出版社相关作品

书目信息

  • 表格格式
  • 工作单格式
  • 卡片格式
题名:
21世纪的学校咨询
    
 
作者: 贝克 , 格勒 著 ;王工斌 , 焦青, , 伍芳辉 译
分册:  
出版信息: 北京   中国轻工业出版社  2008
页数: 408页
开本: 26cm
丛书名:
单 册:
中图分类: G448 , G479
科图分类:
主题词: 教育心理学--Jiao Yu Xin Li Xue--咨询心理学
电子资源:
ISBN: 978-7-5019-6154-2
000 01411nam0 2200361 450
001 012001002556
005 20131029150918.0
010    @a978-7-5019-6154-2@dCNY45.00
092    @aCN@b光谷书城0034-0456
099    @aCAL 012008062618
100    @a20080506d2008 ekmy0chiy50 ea
101 1  @achi@ceng
102    @aCN@b110000
105    @aa a 000yy
106    @ar
200 1  @a21世纪的学校咨询@A21 Shi Ji De Xue Xiao Zi Xun@d= School counseling for the twenty-first century@f(美) Stanley B. Baker, Edwin R. Gerler著@g王工斌, 焦青, 伍芳辉等译@zeng
210    @a北京@c中国轻工业出版社@d2008
215    @a408页@c图@d26cm
305    @a据原文第4版译出
314    @a责任者Baker规范汉译姓:贝克;责任者Gerler规范汉译姓:格勒
320    @a有书目
330    @a全书以美国《学校咨询项目国家标准》为主要依据,围绕促进学生的学业发展、职业发展、个性与社会性发展的目标,分析了学校咨询应当具备的诸项职能和学校咨询师应有的具体能力。
500 10 @aSchool counseling for the twenty-first century@mChinese
606 0  @a教育心理学@AJiao Yu Xin Li Xue@x咨询心理学
690    @aG448@v4
690    @aG479@v4
701  1 @a贝克@ABei Ke@g(Baker, Stanley B.)@4著
701  1 @a格勒@AGe Le@g(Gerler, Edwin R.)@4著
702  0 @a王工斌@AWang Gong Bin@4译
702  0 @a焦青,@AJiao Qing@f1966-@4译
702  0 @a伍芳辉@AWu Fang Hui@4译
801  2 @aCN@b江苏凤凰@c20191020
905    @b1229504-7@dG448@e455@f4
    
    21世纪的学校咨询= School counseling for the twenty-first century/(美) Stanley B. Baker, Edwin R. Gerler著/王工斌, 焦青, 伍芳辉等译.-北京:中国轻工业出版社,2008
    408页:图;26cm
    
    
    ISBN 978-7-5019-6154-2:CNY45.00
    全书以美国《学校咨询项目国家标准》为主要依据,围绕促进学生的学业发展、职业发展、个性与社会性发展的目标,分析了学校咨询应当具备的诸项职能和学校咨询师应有的具体能力。
●
相关链接 在E读中查询图书 在五车中查询图书 在当当中查询图书 在豆瓣中查询图书


正题名:21世纪的学校咨询     索取号:G448/455         预约/预借

序号 登录号 条形码 馆藏地/架位号 状态 备注
1 1229504   212295041   第一样本阅览室/ [索取号:G448/455] 在馆    
2 1229505   212295050   教育系资料室/ [索取号:G448/455] 在馆    
3 1229506   212295069   教育系资料室/ [索取号:G448/455] 在馆    
4 1229507   212295078   第四借阅区/ [索取号:G448/455] 在馆    
唐山师范学院图书馆 欢迎您!
大连网信软件有限公司© 版权所有